=LDR 00000nam 2200000 4500 =001 INLIS000000000023148 =005 20130612121831 =008 ***********************************Ind** =035 ##$$0010-061300000023148 =041 ##$$a Ind =082 ##$$a 893.1 =090 ##$$a 893.1, Mah-s =100 ##$$a Mahfouz, Najib =245 ##$$a Sengketa, Najib Mahfouz; Penerjemah, Joko Suryanto =260 ##$$a 1999 $b Yoyakarta =300 ##$$a xi,267 hlm., 19,5 cm =650 ##$$a Sastra Dewasa =850 ##$$a NBPNMAT